[Event "IBCA-ol blind 13th"]
[Site "Heraklion"]
[Date "2008.10.19"]
[Round "1.1"]
[White "Beelaert, Benoit"]
[Black "Pribeanu, Mihai Dacian"]
[Result "1/2-1/2"]
[WhiteElo "1867"]
[BlackElo "2232"]
[PlyCount "59"]
[EventDate "2008.10.19"]
[EventType "team-swiss"]
[EventRounds "9"]
[EventCountry "GRE"]
[SourceTitle "EXT 2010"]
[Source "ChessBase"]
[SourceDate "2010.11.25"]
[SourceVersion "1"]
[SourceVersionDate "2010.11.25"]
[SourceQuality "1"]
[WhiteTeam "Belgium (blind)"]
[BlackTeam "Romania (blind)"]
[WhiteTeamCountry "BEL"]
[BlackTeamCountry "ROU"]

1. e4 c6 2. d4 d5 3. exd5 cxd5 4. c4 Nf6 5. Nc3 e6 6. Nf3 Be7 7. cxd5 Nxd5 8. Bd3 Nc6 9. 0-0 0-0 10. Re1 Bf6 11. Be4 Nce7 12. Qd3 h6 13. a3 Bd7 14. Bxd5 Nxd5 15. Nxd5 exd5 16. Qb3 Qb6 17. Qxb6 axb6 18. Bf4 Rfc8 19. Rac1 Bd8 20. Ne5 Be6 21. Rxc8 Rxc8 22. Rc1 Rxc1+ 23. Bxc1 f6 24. Nd3 Kf8 25. f3 Ke8 26. Kf2 Kd7 27. Nb4 g5 28. g4 Bc7 29. h3 Bf7 30. Ke2 1/2-1/2

[Event "BEL-ch op"]
[Site "Namur"]
[Date "2006.07.03"]
[Round "3"]
[White "Beelaert, Benoit"]
[Black "Piacentini, Claudio"]
[Result "1/2-1/2"]
[WhiteElo "1939"]
[BlackElo "2175"]
[PlyCount "79"]
[EventDate "2006.07.01"]
[EventType "swiss"]
[EventRounds "9"]
[EventCountry "BEL"]
[SourceTitle "CBM 113 Extra"]
[Source "ChessBase"]
[SourceDate "2006.09.14"]
[SourceVersion "1"]
[SourceVersionDate "2006.09.14"]
[SourceQuality "1"]

1. e4 e6 2. d4 d5 3. Nd2 Nf6 4. e5 Nfd7 5. Bd3 c5 6. c3 Nc6 7. Ne2 cxd4 8. cxd4 f6 9. exf6 Nxf6 10. Nf3 Bd6 11. 0-0 Qc7 12. Bg5 0-0 13. Bh4 Bd7 14. Bg3 Rae8 15. Bxd6 Qxd6 16. Qd2 e5 17. dxe5 Nxe5 18. Nxe5 Rxe5 19. Ng3 Nh5 20. Rfe1 Nxg3 21. Rxe5 Qxe5 22. hxg3 Re8 23. Rd1 Bc6 24. Bc2 Qe2 25. f3 a5 26. Bb3 Qxd2 27. Rxd2 Rd8 28. Kf2 Kf7 29. Ke3 Ke6 30. Kd4 Kd6 31. Re2 a4 32. Bc2 h6 33. a3 Re8 34. Rxe8 Bxe8 35. f4 b6 36. Bd1 Bd7 37. Bf3 Bc6 38. Bd1 Bd7 39. Bc2 Be8 40. Bd1 1/2-1/2